000 00302nam a22001337a 4500
020 _a817573896-0
082 _a920
_bDUA/S
100 _aDUA,SHYAM
245 _aTHE LUMINOUS LIFE OF SADDAM HUSSEIN
260 _aDELHI
_bTINY TOT PUBLICATIONS
300 _a96
650 _aBIOGRAPHY
_zDELHI
942 _cBK
999 _c5934
_d5934